Oceania - Sudden Death - Statistics

General Stats
  • This quiz has been taken 77 times
  • The average score is 11 of 50
Answers on the Grid
Answers color-coded by a green-red scale on the quiz's grid according to % correct below.
Australia
Fiji
Kiribati
Marshall Islands
Federated States of Micronesia
Nauru
New Zealand
Palau
Papua New Guinea
Samoa
Solomon Islands
Tonga
Tuvalu
Vanuatu
Cook Islands
Niue
Ashmore and Cartier Islands
Christmas Island
Cocos (Keeling) Islands
Coral Sea Islands
Norfolk Island
Rotuma
French Polynesia
New Caledonia
Wallis and Futuna
Tokelau
Bougainville
Pitcairn Islands
American Samoa
Guam
Midway Atoll
Northern Mariana Islands
United States Minor Outlying Islands
Wake Island
Easter Island
Galapagos Islands
Ogasawara Islands
Hawaii
Papua
West Papua
Clipperton Island
Ni'ihau
Lord Howe Island
Juan Fernández Islands
Central Papua
Highland Papua
Southwest Papua
South Papua
Palmyra Atoll
Baker Island
France
United Kingdom
United States
Ecuador
Chile
Antarctica
Philippines
Japan
Heard Island and McDonald Islands
French Southern and Antarctic Lands
Bouvet Island
Prince Edward Islands
Peter I Island
Indonesia
Malaysia
Brunei
Navassa Island
Asia
Colombia
Timor-Leste
Falkland Islands
South Georgia and the South Sandwich Islands
Mexico
Costa Rica
Tu'i Tonga Empire
 
Answer Stats
Answer % Correct
Country in Oceania Palau
71%
Country in Oceania Fiji
57%
Country in Oceania New Zealand
57%
Country in Oceania Tonga
57%
Territory in Oceania American Samoa
43%
"Country" in Oceania Cook Islands
43%
Country in Oceania Federated States of Micronesia
43%
Territory in Oceania French Polynesia
43%
Territory in Oceania Guam
43%
Country in Oceania Kiribati
43%
Country in Oceania Nauru
43%
Country in Oceania Papua New Guinea
43%
Country in Oceania Solomon Islands
43%
Country in Oceania Tuvalu
43%
Country in Oceania Australia
29%
Subdivision in Oceania Highland Papua
29%
Territory in Oceania Midway Atoll
29%
Territory in Oceania Northern Mariana Islands
29%
Territory in Oceania Pitcairn Islands
29%
Country in Oceania Samoa
29%
Country in Oceania Vanuatu
29%
Territory in Oceania Bougainville
14%
Subdivision in Oceania Central Papua
14%
Territory in Oceania Cocos (Keeling) Islands
14%
Subdivision in Oceania Hawaii
14%
Subdivision in Oceania Juan Fernández Islands
14%
Country in Oceania Marshall Islands
14%
Territory in Oceania New Caledonia
14%
"Country" in Oceania Niue
14%
Territory in Oceania Norfolk Island
14%
Territory in Oceania Palmyra Atoll
14%
Subdivision in Oceania Papua
14%
Subdivision in Oceania Southwest Papua
14%
Territory in Oceania Tokelau
14%
Territory partially in Oceania United States Minor Outlying Islands
14%
Territory in Oceania Wake Island
14%
Territory in Oceania Ashmore and Cartier Islands
0%
Territory in Oceania Baker Island
0%
Territory in Oceania Christmas Island
0%
Territory in Oceania Clipperton Island
0%
Territory in Oceania Coral Sea Islands
0%
Subdivision in Oceania Easter Island
0%
Subdivision in Oceania Galapagos Islands
0%
Territory in Oceania Lord Howe Island
0%
"Country" in Oceania Ni'ihau
0%
Subdivision in Oceania Ogasawara Islands
0%
Territory in Oceania Rotuma
0%
Subdivision in Oceania South Papua
0%
Territory in Oceania Wallis and Futuna
0%
Subdivision in Oceania West Papua
0%
No matching quizzes found
Score Distribution
Percent of People with Each Score
Percentile by Number Answered
Your Score History
You have not taken this quiz